追熱愛的夢 走真實的路 : (Record no. 7678)
[ view plain ]
| 000 -LEADER | |
|---|---|
| fixed length control field | 00913cam a22003132 4500 |
| 001 - CONTROL NUMBER | |
| control field | .b19010850 |
| 003 - CONTROL NUMBER IDENTIFIER | |
| control field | YEEZEN |
| 005 - DATE AND TIME OF LATEST TRANSACTION | |
| control field | 20260106140237.0 |
| 008 - FIXED-LENGTH DATA ELEMENTS--GENERAL INFORMATION | |
| fixed length control field | 240321s2023 ch 000 0 chi d |
| 020 ## - INTERNATIONAL STANDARD BOOK NUMBER | |
| International Standard Book Number | 9786263555617 |
| Qualifying information | (平裝) : |
| Terms of availability | NT$400 |
| 040 ## - CATALOGING SOURCE | |
| Original cataloging agency | tw |
| Modifying agency | NTOU |
| Transcribing agency | tw |
| 042 ## - AUTHENTICATION CODE | |
| Authentication code | nbic |
| 090 ## - LOCALLY ASSIGNED LC-TYPE CALL NUMBER (OCLC); LOCAL CALL NUMBER (RLIN) | |
| Classification number (OCLC) (R) ; Classification number, CALL (RLIN) (NR) | 525.833 |
| 100 1# - MAIN ENTRY--PERSONAL NAME | |
| Personal name | 陳, 培思 |
| 245 10 - TITLE STATEMENT | |
| Title | 追熱愛的夢 走真實的路 : |
| Remainder of title | 創新創業10堂課 / |
| Statement of responsibility, etc. | 陳培思, 黃亞琪, 林惠君作 |
| 246 30 - VARYING FORM OF TITLE | |
| Title proper/short title | 創新創業十堂課 |
| 246 30 - VARYING FORM OF TITLE | |
| Title proper/short title | 創新創業10堂課 |
| 250 ## - EDITION STATEMENT | |
| Edition statement | 第一版 |
| 260 ## - PUBLICATION, DISTRIBUTION, ETC. | |
| Place of publication, distribution, etc. | 臺北市 : |
| Name of publisher, distributor, etc. | 遠見天下, |
| Date of publication, distribution, etc. | 2023.12 |
| 300 ## - PHYSICAL DESCRIPTION | |
| Extent | 223面 ; |
| Dimensions | 23公分 |
| 490 1# - SERIES STATEMENT | |
| Series statement | 醫學人文 ; |
| Volume/sequential designation | BMP022. |
| 610 27 - SUBJECT ADDED ENTRY--CORPORATE NAME | |
| Corporate name or jurisdiction name as entry element | 臺北醫學大學 |
| Source of heading or term | lcstt. |
| 650 17 - SUBJECT ADDED ENTRY--TOPICAL TERM | |
| Topical term or geographic name entry element | 健康醫療業 |
| Source of heading or term | lcstt. |
| 650 17 - SUBJECT ADDED ENTRY--TOPICAL TERM | |
| Topical term or geographic name entry element | 產業發展 |
| Source of heading or term | lcstt. |
| 651 #1 - SUBJECT ADDED ENTRY--GEOGRAPHIC NAME | |
| Geographic name | 7臺北醫學大學 |
| Source of heading or term | lcstt. |
| 700 1# - ADDED ENTRY--PERSONAL NAME | |
| Personal name | 林, 惠君 |
| 700 1# - ADDED ENTRY--PERSONAL NAME | |
| Personal name | 黃, 亞琪 |
| 942 ## - ADDED ENTRY ELEMENTS (KOHA) | |
| Source of classification or shelving scheme | 中文圖書分類法 |
| Koha item type | 一般圖書 |
| 撤銷狀態 | 遺失狀態 | 分類號來源 | 損壞狀態 | 不外借 | 永久館藏地 | 現在館藏地 | 書架位置 | 採購日期 | 全部借出 | 完整索書號 | 條碼號 | 最後一次日期記錄 | 一般價格有效日期 | Koha館藏類型 | 公開資訊 |
|---|---|---|---|---|---|---|---|---|---|---|---|---|---|---|---|
| 未註銷館藏 | 未遺失 | 中文圖書分類法 | 未損毀 | 可外借 | 怡仁綜合醫院圖書館 | 怡仁綜合醫院圖書館 | 2026-01-06 | 525.833 | C03264 | 2026-01-06 | 2026-01-06 | 一般圖書 | 現在一切美好的事物,無一不是創新的結果。 在臺北醫學大學,有著一群又一群不怕挑戰的人們,正在改變世界。 他們聚焦轉譯醫學、精準健康、智慧醫療等領域, 不斷創新研發,讓世界更美好。 |